000 00767nam a2200289Ia 4500
005 20260324125414.0
008 008 260324s9999 xx 000 0 eng d
020 _a9781315497334
037 _aEBOOK
040 _aCRL
040 _beng
040 _cCRL
041 _2eng
041 _aeng
084 _qCRL
100 _aR. G. Tiedemann
_91177856
245 0 _aReference Guide to Christian Missionary Societies in China: From the Sixteenth to the Twentieth Century
245 0 _bFrom the Sixteenth to the Twentieth Century
260 _bTaylor and Francis
260 _c2009
365 _a
365 _b230
856 _uhttp://www.taylorfrancis.com/books/9781315497334
942 _cEBOOK
999 _c1773083
_d1773083